O štátnej správe v živnostenskom podnikaní. Zákon Slovenskej národnej rady zo 17. decembra 1991.
Orgány štátnej správy o živnostenskom podnikaní. Pôsobnosť ministerstva vnútra, okresného a obvodného úradu. Kontrolóri obvodných úradov. Zrušovacie ustanovenie. Účinnosť.
Salvato in:
| Natura: | Capitolo di libro |
|---|---|
| Lingua: | slovacco |
| Soggetti: | |
| Tags: |
Nessun Tag, puoi essere il primo ad aggiungerne!!
|
MARC
| LEADER | 00000naa a2200000 4500 | ||
|---|---|---|---|
| 001 | r007591 | ||
| 005 | 20220831085556.3 | ||
| 041 | 0 | |a slo | |
| 044 | |a [CS] | ||
| 245 | 1 | 0 | |a O štátnej správe v živnostenskom podnikaní. |b Zákon Slovenskej národnej rady zo 17. decembra 1991. |
| 520 | |a Orgány štátnej správy o živnostenskom podnikaní. Pôsobnosť ministerstva vnútra, okresného a obvodného úradu. Kontrolóri obvodných úradov. Zrušovacie ustanovenie. Účinnosť. | ||
| 610 | 2 | 0 | |a živnosti |
| 610 | 2 | 0 | |a zákony |
| 610 | 2 | 0 | |a Slovensko |
| 610 | 2 | 0 | |a správa štátna |
| 610 | 2 | 0 | |a podnikanie súkromné |
| 610 | 2 | 0 | |a 1991 |